00415nam a22001337a 450000500170000000800410001704100130005808200130007110000130008424500450009726000850014230000280022765000260025520240510081524.0240510b |||||||| |||| 00| 0 eng d aEnglish  a349 LAW  lEnglish  aThe Law Reports: Queen's Bench Division  aLondon: bThe Incorporated Council of Law Reporting for England and Wales,c1975 bxx, 984 pages; c25 cm. aLegal practice bLaw